000 00678nam a2200277Ia 4500
005 20260324130015.0
008 008 260324s9999 xx 000 0 eng d
020 _a9780429240621
037 _aEBOOK
040 _aCRL
040 _beng
040 _cCRL
041 _2eng
041 _aeng
084 _qCRL
100 _aHazel Johnson; Paul Mosley; Sara Horrell
_91180171
245 0 _aWork, Female Empowerment and Economic Development
260 _bTaylor and Francis
260 _c2008
365 _a
365 _b160
856 _uhttp://www.taylorfrancis.com/books/9780429240621
942 _cEBOOK
999 _c1775915
_d1775915